000
00214 a2200097 4500
001
42332
100
_a
Shah M
245
_a
National Anthems of the World
260
_a
_b
Blandford Press
_c
090
_c
26273
_d
26273
942
_a
NUST-CAE
_c
M
_c
18084
999
_c
277405
_d
277405